Fr. Conceicao Rodrigues College of Engineering

Introduction to Modern Physics (Record no. 26329)

MARC details
000 -LEADER
fixed length control field 00283nam a2200133Ia 4500
100 ## - MAIN ENTRY--PERSONAL NAME
Personal name Mani H.S./ Mehta G.K.
250 ## - EDITION STATEMENT
Edition statement 6
245 ## - TITLE STATEMENT
Title Introduction to Modern Physics
260 ## - PUBLICATION, DISTRIBUTION, ETC.
Name of publisher, distributor, etc. EWP
Place of publication, distribution, etc. New Delhi
Date of publication, distribution, etc. 1992
300 ## - PHYSICAL DESCRIPTION
Extent 767
546 ## - LANGUAGE NOTE
Language note ENGLISH
654 ## - SUBJECT ADDED ENTRY--FACETED TOPICAL TERMS
Focus term Physics
942 ## - ADDED ENTRY ELEMENTS (KOHA)
Koha item type BOOK
Holdings
Withdrawn status Lost status Damaged status Not for loan Collection Home library Current library Shelving location Date acquired Source of acquisition Cost, normal purchase price Inventory number Total Checkouts Full call number Barcode Date last seen Cost, replacement price Price effective from Koha item type
        CRC Fr. Agnel's C.Rodrigues College of Engineering Fr. Agnel's C.Rodrigues College of Engineering   17/03/2023 global books 75.00 154   5940 17/03/2023 75.00 17/03/2023 BOOK
        CRC Fr. Agnel's C.Rodrigues College of Engineering Fr. Agnel's C.Rodrigues College of Engineering   17/03/2023 global books 75.00 154   5941 17/03/2023 75.00 17/03/2023 BOOK
        CRC Fr. Agnel's C.Rodrigues College of Engineering Fr. Agnel's C.Rodrigues College of Engineering   17/03/2023 global books 75.00 154   5942 17/03/2023 75.00 17/03/2023 BOOK
        CRC Fr. Agnel's C.Rodrigues College of Engineering Fr. Agnel's C.Rodrigues College of Engineering   17/03/2023 global books 75.00 154   5943 17/03/2023 75.00 17/03/2023 BOOK
        CRC Fr. Agnel's C.Rodrigues College of Engineering Fr. Agnel's C.Rodrigues College of Engineering   17/03/2023 global books 75.00 154   5944 17/03/2023 75.00 17/03/2023 BOOK